00264nam a2200073Ia 4500082001200000245008500012100005200097008004100149 aAF LING 0aSusanna M Lingua-keur 14 : Lied van die Isar kringloop van die lewe Immer lente  a LINGUA, Susanna M. Kaapstad, 2010 1. uitg 210817s9999 xx 000 0 und d